| Record ID | ia:schoolhouseappli0000pate |
| Source | Internet Archive |
| Download MARC XML | https://archive.org/download/schoolhouseappli0000pate/schoolhouseappli0000pate_marc.xml |
| Download MARC binary | https://www.archive.org/download/schoolhouseappli0000pate/schoolhouseappli0000pate_meta.mrc |
LEADER: 00720pam a2200229 a 4500
001 95014966
003 DLC
005 19960208105613.2
008 950412s1995 caua b 000 0 eng
010 $a 95014966
020 $a091488199X
040 $aDLC$cDLC$dDLC
050 00 $aTT779$b.P378 1995
082 00 $a746.44/5$220
100 1 $aPatera, Charlotte,$d1927-
245 10 $aSchoolhouse appliqué :$breverse techniques and more... /$cby Charlotte Patera.
260 $aLafayette, Calif. :$bC&T Pub.,$cc1995.
300 $a80 p. :$bill. (some col.) ;$c28 cm.
504 $aIncludes bibliographical references (p. 80).
650 0 $aAppliqué$xPatterns.
650 0 $aQuilting$xPatterns.
650 0 $aSchool buildings in art.